[Event "British Chess Championships 2023: First Blitz Open"]
[Site "The Venue, De Montfort University, 20 Western Boulevard, Leicester, LE2 7BU"]
[Date "2023.07.20"]
[Round "1"]
[Board "1"]
[White "Masani, Matthew M"]
[Black "Han, Yichen"]
[Result "0-1"]
[WhiteElo "1862"]
[BlackElo "2355"]
[PlyCount "0"]
[EventDate "2023.07.20"]
[EventRounds "9"]
[EventCountry "ENG"]

1. d4 Nf6 2. Bf4 e6 3. e3 d5 4. Nd2 c5 5. Ngf3 Nc6 6. c3 Nh5 7. Bg5 Qb6 8. Rb1 h6
9. Bh4 g5 10. Ne5 Nxe5 11. Qxh5 Ng6 12. Bg3 cxd4 13. exd4 Bd6 14. Bd3 Nf4 15. Bxf4
Bxf4 16. Nf3 Qd8 17. O-O Qf6 18. Rfe1 Kf8 19. Ne5 Kg7 20. g3 Bxe5 21. dxe5 Qe7 22.
Re3 Bd7 23. Rbe1 Bc6 24. f4 Rag8 25. f5 exf5 26. Bxf5 Be8 27. Qf3 Bc6 28. Qe2 Qc5
29. e6 fxe6 30. Bxe6 Re8 31. Qh5 Rxe6 32. b4 Qb6 33. Qf3 Rhe8 34. Kf2 Rf8  0-1

[Event "British Chess Championships 2023: First Blitz Open"]
[Site "The Venue, De Montfort University, 20 Western Boulevard, Leicester, LE2 7BU"]
[Date "2023.07.20"]
[Round "1"]
[Board "2"]
[White "Dong, Bao Nghia"]
[Black "Gay, Simon P"]
[Result "1-0"]
[WhiteElo "2310"]
[BlackElo "1846"]
[PlyCount "0"]
[EventDate "2023.07.20"]
[EventRounds "9"]
[EventCountry "ENG"]

1. e4 e5 2. Nf3 Nc6 3. Bc4 Be7 4. O-O Nf6 5. d3 O-O 6. c3 d6 7. h3 Na5 8. Bb3 Nxb3
9. axb3 c6 10. Be3 a6 11. b4 Qc7 12. Na3 Be6 13. Ng5 Bd7 14. Nc4 h6 15. Bb6 Qc8 16.
Nf3 Be6 17. Na5 d5 18. exd5 cxd5 19. Nxe5 Bd6 20. d4 Ne4 21. Nb3 Qb8 22. f4 Kh7 23.
Bc5 f6 24. Nd3 Nxc5 25. dxc5 Bc7 26. Nd4 Bf7 27. Qf3 a5 28. b5 Qd8 29. b6 Bb8 30.
b4 a4 31. Qd1 Qd7 32. b5 a3 33. c6 bxc6 34. bxc6 Qd6 35. c7 Qxb6 36. cxb8=Q Rfxb8
37. Qc2 Bg6 38. f5 Be8 39. Nf4 Bb5 40. Rfb1 Qc5 41. Nfe6 Qc4 42. Rb4 Qd3 43. Qxd3
Bxd3 44. Rxb8 Rxb8 45. Rxa3 Bxf5 46. Nxf5 Re8 47. Nfxg7  1-0

[Event "British Chess Championships 2023: First Blitz Open"]
[Site "The Venue, De Montfort University, 20 Western Boulevard, Leicester, LE2 7BU"]
[Date "2023.07.20"]
[Round "1"]
[Board "3"]
[White "Goatcher, Matthew W"]
[Black "Badacsonyi, Stanley"]
[Result "0-1"]
[WhiteElo "1806"]
[BlackElo "2231"]
[PlyCount "0"]
[EventDate "2023.07.20"]
[EventRounds "9"]
[EventCountry "ENG"]

1. c4 Nf6 2. g3 g6 3. Bg2 Bg7 4. Nc3 d6 5. e4 O-O 6. Nge2 c5 7. O-O Nc6 8. d3 Ne8
9. h3 Nc7 10. a3 Rb8 11. Rb1 b6 12. Kh2 Bb7 13. f4 Ne6 14. f5 Ned4 15. b4 Nxe2 16.
Nxe2 Qd7 17. Bb2 e5 18. fxe6 fxe6 19. Bxg7 Qxg7 20. bxc5 bxc5 21. Qd2 Nd4 22. Nxd4
Qxd4 23. Rxf8+ Kxf8 24. Qf4+ Kg8 25. Bf1 Rf8 26. Qd2 Rf2+ 27. Qxf2 Qxf2+ 28. Kh1
Bc6 29. Bg2 Qxg3 30. Rb8+ Kg7 31. Rc8 Ba4 32. Rc7+ Kh6 33. Rxa7 Bc2 34. Ra6 Bxd3
35. a4 Bxc4 36. Rxd6 Qxd6 37. e5 Qxe5 38. h4 Bd5 39. a5 Qe1+ 40. Kh2 Qxh4+ 41. Kg1
Qg3  0-1

[Event "British Chess Championships 2023: First Blitz Open"]
[Site "The Venue, De Montfort University, 20 Western Boulevard, Leicester, LE2 7BU"]
[Date "2023.07.20"]
[Round "1"]
[Board "4"]
[White "Matlak, Oleksandr"]
[Black "Goss, Alex"]
[Result "1-0"]
[WhiteElo "2158"]
[BlackElo "1801"]
[PlyCount "0"]
[EventDate "2023.07.20"]
[EventRounds "9"]
[EventCountry "ENG"]

1. e4 e6 2. d4 d5 3. Nd2 c5 4. Ngf3 cxd4 5. Nxd4 Nc6 6. Bb5 Bd7 7. Nxc6 bxc6 8. Bd3
Bd6 9. Qe2 Ne7 10. O-O Rc8 11. Nf3 O-O 12. b3 c5 13. Re1 Bb8 14. e5 Ng6 15. Bg5 Qc7
16. c4 Bc6 17. cxd5 Bxd5 18. Be4 Rfe8 19. h4 Qc6 20. h5 Bxe4 21. Qxe4 Qxe4 22. Rxe4
Ne7 23. Rc1 Nd5 24. Rec4 h6 25. Bd2 Nb6 26. Rxc5 Rcd8 27. Ba5 Rd5 28. Bxb6 axb6 29.
Rxd5 exd5 30. Rc6 Bxe5 31. Nxe5 Rxe5 32. Rxb6 Rxh5 33. a4 Re5 34. b4 Re1+ 35. Kh2
d4 36. Rd6 Rd1 37. a5 d3 38. a6 d2 39. b5 Rb1 40. a7  1-0

[Event "British Chess Championships 2023: First Blitz Open"]
[Site "The Venue, De Montfort University, 20 Western Boulevard, Leicester, LE2 7BU"]
[Date "2023.07.20"]
[Round "1"]
[Board "5"]
[White "Hayes, Solomon"]
[Black "Wells, Tony D"]
[Result "0-1"]
[WhiteElo "1781"]
[BlackElo "2070"]
[PlyCount "0"]
[EventDate "2023.07.20"]
[EventRounds "9"]
[EventCountry "ENG"]

1. e4 e5 2. Nf3 Nc6 3. Bb5 Nge7 4. d4 exd4 5. Nxd4 d6 6. O-O Bd7 7. c3 Nxd4 8. Bxd7+
Qxd7 9. cxd4 Ng6 10. Nc3 Be7 11. Re1 O-O 12. Nd5 Bd8 13. Qb3 c6 14. Ne3 Bb6 15. Nf5
Ne7 16. Nxe7+ Qxe7 17. Qc3 Rfe8 18. Bf4 Rad8 19. Rad1 Qh4 20. Bg3 Qh5 21. Qc2 d5
22. e5 Re6 23. Re3 Rde8 24. Rde1 Qg4 25. Rb3 Qxd4 26. Kh1 f6 27. f4 fxe5 28. fxe5
Qg4 29. Rf3 Bc7 30. Rf4 Qg5 31. Ref1 Bxe5 32. Rf5 Qg6 33. Bxe5 Rxe5 34. Qf2 Rxf5
35. Qxf5 Qxf5  0-1

[Event "British Chess Championships 2023: First Blitz Open"]
[Site "The Venue, De Montfort University, 20 Western Boulevard, Leicester, LE2 7BU"]
[Date "2023.07.20"]
[Round "1"]
[Board "6"]
[White "Stubbs, Oliver"]
[Black "Pal, Rohan"]
[Result "0-1"]
[WhiteElo "2050"]
[BlackElo "1776"]
[PlyCount "0"]
[EventDate "2023.07.20"]
[EventRounds "9"]
[EventCountry "ENG"]

1. d4 d5 2. Nf3 Nf6 3. Bf4 e6 4. e3 Bd6 5. Bg3 c5 6. c3 Qc7 7. dxc5 Qxc5 8. Nbd2
O-O 9. Bd3 Nbd7 10. Qe2 h6 11. e4 dxe4 12. Bxe4 Bxg3 13. hxg3 Nxe4 14. Nxe4 Qc7 15.
O-O-O Nc5 16. Kb1 b6 17. g4 Ba6 18. Qe3 Nxe4 19. Qxe4 Bb7 20. Qe3 Qc6 21. Rhe1 Rfd8
22. g5 Rxd1+ 23. Rxd1 Qe4+ 24. Kc1 Qxe3+ 25. fxe3 Bxf3 26. gxf3 hxg5 27. Rd7 Kf8
28. Kd2 Ke8 29. Rb7 Rd8+ 30. Ke2 Rd7 31. Rb8+ Rd8 32. Rb7 Rd7 33. Rb8+ Ke7 34. Ra8
Kf6 35. c4 Ke5 36. b4 f5 37. c5 bxc5 38. bxc5 Rc7 39. Kd3 Rxc5 40. Rxa7 g6 41. Rg7
Kf6 42. Rg8 Ra5 43. Rf8+ Ke7 44. Rg8 Kf7 45. Rb8 Rxa2 46. Rb7+ Kf6 47. Rb8 Ra3+ 48.
Ke2 Ke5 49. Rb5+ Kf6 50. Rb8 Ra5 51. Rf8+ Ke5 52. Rg8 Kf6 53. Rf8+ Kg7 54. Re8 Re5
55. Kf2 Kf7 56. Ra8 f4 57. exf4 gxf4 58. Ra4 g5 59. Ra7+ Kf6 60. Ra8 Rb5 61. Rf8+
Kg7 62. Re8 Rb2+ 63. Kf1 Kf6 64. Rf8+ Ke5 65. Rd8 Kf5 66. Rf8+ Ke5 67. Rd8 g4 68.
fxg4 Ke4 69. g5 Ke3 70. Rd1 Rh2 71. Re1+ Kf3 72. Kg1 Rg2+ 73. Kf1 Rxg5 74. Rxe6 Ra5
75. Re1 Kg3 76. Rb1 Rh5 77. Kg1 f3 78. Rb3 Re5 79. Rb1 Re2 80. Ra1 Rg2+ 81. Kf1 Rh2
82. Kg1 f2+ 83. Kf1 Rh1+ 84. Ke2 Rxa1  0-1

[Event "British Chess Championships 2023: First Blitz Open"]
[Site "The Venue, De Montfort University, 20 Western Boulevard, Leicester, LE2 7BU"]
[Date "2023.07.20"]
[Round "1"]
[Board "7"]
[White "Patel, Rishi"]
[Black "Pilley, Jack"]
[Result "0-1"]
[WhiteElo "1762"]
[BlackElo "2037"]
[PlyCount "0"]
[EventDate "2023.07.20"]
[EventRounds "9"]
[EventCountry "ENG"]

1. e4 c6 2. Nc3 d5 3. Nf3 Nf6 4. e5 Ne4 5. d4 Nxc3 6. bxc3 e6 7. Bd3 c5 8. O-O Nc6
9. Re1 Be7 10. Be3 cxd4 11. cxd4 O-O 12. c3 Bd7 13. Qc2 h6 14. Rab1 Qc7 15. c4 Nb4
16. Qe2 Nxd3 17. Qxd3 dxc4 18. Qc3 Rfc8 19. Rec1 b5 20. Qd2 b4 21. d5 exd5 22. Qxd5
Be6 23. Qe4 c3 24. Nd4 Bxa2 25. Ra1 b3 26. Nb5 Qc4 27. Qxc4 Rxc4 28. Rxc3 Rac8 29.
Bd2 b2 30. Re1 a6 31. Rxc4 Rxc4 32. Na3 Bxa3  0-1

[Event "British Chess Championships 2023: First Blitz Open"]
[Site "The Venue, De Montfort University, 20 Western Boulevard, Leicester, LE2 7BU"]
[Date "2023.07.20"]
[Round "1"]
[Board "8"]
[White "Broughton, Daniel"]
[Black "Dhemrait, Jagdeep"]
[Result "0-1"]
[WhiteElo "1972"]
[BlackElo "1718"]
[PlyCount "0"]
[EventDate "2023.07.20"]
[EventRounds "9"]
[EventCountry "ENG"]

1. d4 Nf6 2. c4 g6 3. Nc3 Bg7 4. e4 d6 5. Be2 O-O 6. f4 Nbd7 7. Nf3 c5 8. d5 Qb6
9. O-O e5 10. fxe5 Nxe5 11. Nxe5 dxe5 12. Qc2 Bd7 13. h3 Ne8 14. Bd3 Nd6 15. a4 f5
16. Be3 f4 17. Bf2 f3 18. Be3 fxg2 19. Kxg2 Rac8 20. Rxf8+ Kxf8 21. Rf1+ Kg8 22.
Rf3 Qd8 23. Qf2 Qe7 24. Qg3 b6 25. Bg5 Qe8 26. Qf2 h6 27. Be3 Qe7 28. b3 Nf7 29.
Qg3 Ng5 30. Bxg5 hxg5 31. Nd1 Kh7 32. Ne3 Rh8 33. Ng4 Bxg4 34. Qxg4 Bf6 35. Be2 Kg7
36. Qg3 Rh4 37. Bd3 Qd7 38. Bf1 Rxe4 39. Qf2 Rf4 40. Bd3 Rh4 41. Re3 e4 42. Bxe4
Bd4 43. Qf3 Bxe3 44. Qxe3 Qe7 45. Qc3+ Kh7 46. Bf3 Qe1 47. Qxe1 Rf4 48. Qg3 Rf7 49.
Qg4 Re7 50. Be4 Kg7 51. Qf4 gxf4 52. Kf3 g5 53. h4 gxh4 54. Kxf4 h3 55. Bh1 Kf6 56.
Kg3 Ke5 57. Kxh3 Kd4 58. Kg4 Kc3 59. Bf3 Kxb3 60. Kf5 Kxc4 61. d6 Rd7 62. Ke6 Rd8
63. d7 Kb4 64. Bc6 c4 65. Ke7 Rxd7+ 66. Kxd7 c3 67. Kc7 c2 68. Bf3 c1=Q+  0-1

[Event "British Chess Championships 2023: First Blitz Open"]
[Site "The Venue, De Montfort University, 20 Western Boulevard, Leicester, LE2 7BU"]
[Date "2023.07.20"]
[Round "1"]
[Board "9"]
[White "Graff, Ben"]
[Black "Kothari, Jai"]
[Result "1-0"]
[WhiteElo "1705"]
[BlackElo "1951"]
[PlyCount "0"]
[EventDate "2023.07.20"]
[EventRounds "9"]
[EventCountry "ENG"]

1. e4 e5 2. Nf3 Nc6 3. Bb5 Nf6 4. O-O Nxe4 5. Re1 Nd6 6. Bxc6 dxc6 7. Nxe5 Be7 8.
d4 O-O 9. Nc3 Bf6 10. Bf4 Bf5 11. a3 a5 12. Qd2 Re8 13. b3 Re6 14. Rad1 h5 15. d5
cxd5 16. Nxd5 Bxe5 17. Rxe5 Ne4 18. Qe2 Rxe5 19. Bxe5 Qf8 20. Qxh5 Bg6 21. Qh4 Re8
22. Bxc7 Qc5 23. Bb6 Qxc2 24. Ne7+ Rxe7 25. Rd8+ Re8 26. Rxe8#  1-0

[Event "British Chess Championships 2023: First Blitz Open"]
[Site "The Venue, De Montfort University, 20 Western Boulevard, Leicester, LE2 7BU"]
[Date "2023.07.20"]
[Round "1"]
[Board "10"]
[White "Khan, Mohammed"]
[Black "Vashisht-Pigem, Raman"]
[Result "1-0"]
[WhiteElo "1949"]
[BlackElo "1695"]
[PlyCount "0"]
[EventDate "2023.07.20"]
[EventRounds "9"]
[EventCountry "ENG"]

1. e4 e6 2. Nc3 d5 3. Nf3 c5 4. exd5 exd5 5. Bb5+ Nc6 6. O-O Be7 7. d4 cxd4 8. Nxd4
Bd7 9. Nxd5 Nxd4 10. Bxd7+ Qxd7 11. Qxd4 Rd8 12. Qxg7 Qxd5 13. Qxh8 f6 14. Be3 Qf7
15. Rfe1 Rd5 16. Rad1 Rxd1 17. Rxd1 Bf8 18. Bxa7 Qg6 19. h3 Kf7 20. Rd7+ Ke6 21.
Qxh7 Qxh7 22. Rxh7 Ne7 23. Bc5 Ng6 24. Bxf8 Nxf8 25. Rxb7 Nd7 26. Rxd7  1-0

[Event "British Chess Championships 2023: First Blitz Open"]
[Site "The Venue, De Montfort University, 20 Western Boulevard, Leicester, LE2 7BU"]
[Date "2023.07.20"]
[Round "1"]
[Board "11"]
[White "Hankey, Chris P"]
[Black "Bartram, William"]
[Result "1/2-1/2"]
[WhiteElo "1680"]
[BlackElo "1932"]
[PlyCount "0"]
[EventDate "2023.07.20"]
[EventRounds "9"]
[EventCountry "ENG"]

1. d4 Nf6 2. c4 e6 3. Nc3 Bb4 4. Bg5 h6 5. Bxf6 Qxf6 6. Nf3 O-O 7. e3 c5 8. Bd3 b6
9. O-O Bxc3 10. bxc3 d5 11. cxd5 exd5 12. Bc2 Nc6 13. Qd3 g6 14. dxc5 Bf5 15. Qd2
bxc5 16. Bxf5 Qxf5 17. Rad1 Rfd8 18. Nh4 Qf6 19. g3 d4 20. cxd4 cxd4 21. exd4 Nxd4
22. Qxh6 Ne2+ 23. Kg2 Qc6+ 24. f3 Qc2 25. Rxd8+ Rxd8 26. Rf2 Rd2 27. Qe3 Qd1 28.
Qe8+ Kg7 29. Qe5+ Kg8 30. Qe8+ Kg7 31. Qe5+ Kg8 32. Qe8+  1/2-1/2

[Event "British Chess Championships 2023: First Blitz Open"]
[Site "The Venue, De Montfort University, 20 Western Boulevard, Leicester, LE2 7BU"]
[Date "2023.07.20"]
[Round "1"]
[Board "14"]
[White "Gopakumar, Siddharth"]
[Black "Mandnikar, Atreya"]
[Result "1-0"]
[WhiteElo "1892"]
[BlackElo "1602"]
[PlyCount "0"]
[EventDate "2023.07.20"]
[EventRounds "9"]
[EventCountry "ENG"]

1. e4 c5 2. c3 d5 3. exd5 Qxd5 4. d4 Nc6 5. Nf3 Bg4 6. dxc5 Qxd1+ 7. Kxd1 e6 8. b4
Nf6 9. h3 Bxf3+ 10. gxf3 a5 11. Bb5 Be7 12. Kc2 O-O-O 13. Bxc6 bxc6 14. Rg1 Rhg8
15. Be3 axb4 16. cxb4 Nd5 17. a3 Kb7 18. Nd2 Bf6 19. Rad1 Nc3 20. Rde1 Ra8 21. Nc4
Nb5 22. Kb3 Rgd8 23. Rd1 Rd5 24. a4 Nc3 25. Rxd5 exd5 26. Na5+ Kc7 27. Bf4+ Kd7 28.
Re1 d4 29. Be5 Nd5 30. Bxf6 gxf6 31. Rd1 Rb8 32. Rxd4 Ke6 33. Nxc6 Rc8 34. b5 f5
35. Rxd5 Kxd5 36. Ne7+  1-0

[Event "British Chess Championships 2023: First Blitz Open"]
[Site "The Venue, De Montfort University, 20 Western Boulevard, Leicester, LE2 7BU"]
[Date "2023.07.20"]
[Round "2"]
[Board "1"]
[White "Han, Yichen"]
[Black "Gay, Conor DI"]
[Result "1-0"]
[WhiteElo "2355"]
[BlackElo "1909"]
[PlyCount "0"]
[EventDate "2023.07.20"]
[EventRounds "9"]
[EventCountry "ENG"]

1. e4 c5 2. Nc3 Nc6 3. Bb5 Nd4 4. Nf3 a6 5. Bd3 e6 6. O-O Be7 7. Re1 d6 8. Bf1 Nf6
9. e5 Nxf3+ 10. Qxf3 dxe5 11. Rxe5 O-O 12. d3 Qc7 13. Re1 Bd6 14. g3 Bd7 15. Ne4
Nxe4 16. dxe4 Bc6 17. Bg2 Be5 18. c3 Rad8 19. Be3 b6 20. Qg4 Rd3 21. f4 Bf6 22. Bf1
Bxe4 23. Bxd3 Bxd3 24. Qf3 Rd8 25. Rad1 c4 26. Qf2 Rd6 27. f5 e5 28. g4 h6 29. Qg2
Qc6 30. Qxc6 Rxc6 31. Rd2 b5 32. Red1 e4 33. Kf2 Bh4+ 34. Kg2 Rd6 35. Bf4 Rd7 36.
b3 Re7 37. Be3 Bg5 38. Re1 Bh4 39. Bf2 Bg5 40. Be3 Bh4 41. Red1 Bg5 42. Bxg5 hxg5
43. bxc4 bxc4 44. Rb2 e3 45. Re1 e2 46. Rb6 Re3 47. Rxa6 Re4 48. h3 Re3 49. a4 Be4+
50. Kf2 Rxc3 51. Rxe2 Bd3 52. Re8+ Kh7 53. Raa8 g6 54. f6 Rc2+ 55. Kg3  1-0

[Event "British Chess Championships 2023: First Blitz Open"]
[Site "The Venue, De Montfort University, 20 Western Boulevard, Leicester, LE2 7BU"]
[Date "2023.07.20"]
[Round "2"]
[Board "2"]
[White "Ortiz Sanchez, Luis"]
[Black "Dong, Bao Nghia"]
[Result "0-1"]
[WhiteElo "1894"]
[BlackElo "2310"]
[PlyCount "0"]
[EventDate "2023.07.20"]
[EventRounds "9"]
[EventCountry "ENG"]

1. d4 Nf6 2. c4 d6 3. Nc3 g6 4. Nf3 Bg7 5. e3 O-O 6. Be2 Nbd7 7. b3 e5 8. Bb2 Re8
9. O-O b6 10. Re1 Bb7 11. Qc2 a6 12. Rad1 Ra7 13. a3 Qa8 14. d5 h6 15. b4 Nf8 16.
Nd2 c6 17. Nde4 Nxe4 18. Nxe4 cxd5 19. Nxd6 Rd8 20. Nxb7 Qxb7 21. cxd5 Rxd5 22. Bf3
Rxd1 23. Rxd1 Qe7 24. h3 Rc7 25. Qd2 Ne6 26. Qd6 Qxd6 27. Rxd6 Rc2 28. Ba1 Ra2 29.
Bc3 Rxa3 30. Bd2 Ra2 31. Bg4 Bf8 32. Rd7 Ng5 33. Bc3 Bg7 34. f4 exf4 35. Bxg7 Kxg7
36. exf4 h5 37. Bxh5 Nxh3+ 38. gxh3 gxh5 39. Rd6 b5 40. Rd5 Kg6 41. Rd6+ Kf5 42.
Rd7 f6 43. Rd5+ Kxf4 44. Rxh5 f5 45. Rh6 Kg3 46. Kf1 f4 47. h4 f3 48. Ke1 f2+ 49.
Kf1 Ra1+ 50. Ke2 f1=Q+  0-1

[Event "British Chess Championships 2023: First Blitz Open"]
[Site "The Venue, De Montfort University, 20 Western Boulevard, Leicester, LE2 7BU"]
[Date "2023.07.20"]
[Round "2"]
[Board "3"]
[White "Badacsonyi, Stanley"]
[Black "Gopakumar, Siddharth"]
[Result "1-0"]
[WhiteElo "2231"]
[BlackElo "1892"]
[PlyCount "0"]
[EventDate "2023.07.20"]
[EventRounds "9"]
[EventCountry "ENG"]

1. d4 d5 2. Nc3 Nf6 3. Bf4 Na6 4. e3 c6 5. Nf3 Bg4 6. h3 Bh5 7. g4 Bg6 8. Ne5 Nd7
9. Nxc6 Qb6 10. Bxa6 bxc6 11. Bd3 Qxb2 12. Ne2 e5 13. Rb1 Qxa2 14. dxe5 Nc5 15. O-O
Ne6 16. Bg3 Bc5 17. Nd4 Bxd4 18. exd4 O-O 19. c3 Rfb8 20. Bxg6 hxg6 21. Qd3 Rb6 22.
Ra1 Qc4 23. Qxc4 dxc4 24. Ra4 Ng5 25. Kg2 Ne4 26. Rc1 Nxg3 27. Kxg3 Rc8 28. Rxa7
Rb3 29. Ra4 c5 30. Rxc4 Rcb8 31. Rxc5 g5 32. Kg2 Rb2 33. e6 f6 34. d5 Rd2 35. c4
Rbb2 36. Rf1 Re2 37. Rc8+ Kh7 38. d6 Rxe6 39. d7 Rd2 40. d8=Q  1-0

[Event "British Chess Championships 2023: First Blitz Open"]
[Site "The Venue, De Montfort University, 20 Western Boulevard, Leicester, LE2 7BU"]
[Date "2023.07.20"]
[Round "2"]
[Board "4"]
[White "Wastney, Dylan"]
[Black "Matlak, Oleksandr"]
[Result "1/2-1/2"]
[WhiteElo "1878"]
[BlackElo "2158"]
[PlyCount "0"]
[EventDate "2023.07.20"]
[EventRounds "9"]
[EventCountry "ENG"]

1. e4 c5 2. Nc3 Nc6 3. Bb5 Nd4 4. Bc4 e6 5. Nge2 d6 6. O-O Nf6 7. d3 Be7 8. Be3 Nxe2+
9. Qxe2 O-O 10. Bb3 d5 11. Bg5 h6 12. Bxf6 Bxf6 13. exd5 Bxc3 14. bxc3 exd5 15. Rfe1
Be6 16. Rab1 b5 17. c4 dxc4 18. dxc4 b4 19. Qe3 Qc7 20. c3 a5 21. cxb4 cxb4 22. Qe4
g6 23. Qe3 Kh7 24. Rec1 Bf5 25. Bc2 Bxc2 26. Rxc2 Rfe8 27. Qf3 Kg7 28. g3 Rac8 29.
Rd1 Re6 30. Rd5 a4 31. Rb5 Qe7 32. Rb7 Re1+ 33. Kg2 Qe6 34. Rxb4 Rd8 35. c5 Rdd1
36. Qc3+ Kh7 37. Rd2 Rg1+ 38. Kf3 Qc6+ 39. Ke3 Rge1+ 40. Re2 Qe6+ 41. Re4 Rxe2+ 42.
Kxe2 Qxe4+ 43. Kxd1 Qb1+ 44. Qc1 Qxa2 45. c6 Qd5+ 46. Ke1 Qh1+ 47. Kd2 Qd5+ 48. Ke1
Qh1+ 49. Kd2  1/2-1/2

[Event "British Chess Championships 2023: First Blitz Open"]
[Site "The Venue, De Montfort University, 20 Western Boulevard, Leicester, LE2 7BU"]
[Date "2023.07.20"]
[Round "2"]
[Board "5"]
[White "Wells, Tony D"]
[Black "Graff, Ben"]
[Result "1-0"]
[WhiteElo "2070"]
[BlackElo "1705"]
[PlyCount "0"]
[EventDate "2023.07.20"]
[EventRounds "9"]
[EventCountry "ENG"]

1. e4 e6 2. d4 d5 3. Nc3 dxe4 4. Nxe4 Bd7 5. Bd3 Bc6 6. Nf3 Nd7 7. Bg5 Be7 8. h4
h6 9. Bf4 Ngf6 10. Nxf6+ Bxf6 11. c3 Bxf3 12. Qxf3 c6 13. h5 Qb6 14. O-O-O O-O-O
15. Rhe1 Rhe8 16. g4 Qa5 17. Kb1 Nb6 18. Bh2 Re7 19. Qg3 Nd7 20. f4 g5 21. hxg6 fxg6
22. g5 hxg5 23. fxg5 Bg7 24. Bxg6  1-0

[Event "British Chess Championships 2023: First Blitz Open"]
[Site "The Venue, De Montfort University, 20 Western Boulevard, Leicester, LE2 7BU"]
[Date "2023.07.20"]
[Round "2"]
[Board "6"]
[White "Pilley, Jack"]
[Black "Dayal, Samar"]
[Result "0-1"]
[WhiteElo "2037"]
[BlackElo "1151"]
[PlyCount "0"]
[EventDate "2023.07.20"]
[EventRounds "9"]
[EventCountry "ENG"]

1. e4 c5 2. Nf3 d6 3. Bb5+ Bd7 4. Bxd7+ Qxd7 5. O-O Nc6 6. c3 Nf6 7. Re1 e6 8. d4
cxd4 9. cxd4 d5 10. exd5 Nxd5 11. Nc3 g6 12. Qb3 Nxc3 13. bxc3 Na5 14. Qc2 Bg7 15.
Ba3 Nc4 16. Bc1 O-O 17. Bf4 Rac8 18. Rac1 Rc6 19. Qe2 Rfc8 20. h4 Nb6 21. Qd3 Nd5
22. Bd2 Rc4 23. h5 Qc6 24. hxg6 hxg6 25. Ng5 Nxc3 26. Qh3 Ne2+ 27. Rxe2 Rxc1+ 28.
Bxc1 Qxc1+ 29. Kh2 Qxg5 30. Rxe6 Qf5 31. Qxf5 gxf5 32. Re7 Bxd4 33. Rxb7 Bxf2 34.
Kh3 Rc3+ 35. Kh2 Ra3 36. Rb2 Bg3+ 37. Kg1 Re3 38. Rb1 Re1+ 39. Rxe1 Bxe1 40. Kf1
Ba5 41. Ke2 Kf8 42. Kf3 Ke7 43. Kf4 Ke6 44. a4 Bc7+ 45. Ke3 Ke5 46. g3 Bb6+ 47. Kd3
f4 48. gxf4+ Kxf4  0-1

[Event "British Chess Championships 2023: First Blitz Open"]
[Site "The Venue, De Montfort University, 20 Western Boulevard, Leicester, LE2 7BU"]
[Date "2023.07.20"]
[Round "2"]
[Board "7"]
[White "Pal, Rohan"]
[Black "Khan, Mohammed"]
[Result "0-1"]
[WhiteElo "1776"]
[BlackElo "1949"]
[PlyCount "0"]
[EventDate "2023.07.20"]
[EventRounds "9"]
[EventCountry "ENG"]

1. e4 e5 2. Nf3 Nc6 3. Bc4 Bc5 4. c3 Nf6 5. d3 O-O 6. Bg5 h6 7. Bh4 Be7 8. Nbd2 d5
9. Bxf6 Bxf6 10. Bxd5 Be6 11. Bxe6 fxe6 12. Qe2 a5 13. a4 Qe8 14. O-O Qg6 15. Nc4
Rad8 16. Rad1 b6 17. h3 Rd7 18. Ne3 Rdf7 19. Ng4 h5 20. Nxf6+ Rxf6 21. Kh1 Rf4 22.
Qe3 h4 23. Rfe1 Qh5 24. Kh2 g5 25. d4 g4 26. Nxe5 Nxe5 27. dxe5 Rxf2 28. hxg4 Qxg4
29. Qh3 Qf4+ 30. Kh1 Qxe5 31. Qg4+ Qg7 32. Qxg7+ Kxg7 33. Rd7+ R8f7 34. Rxf7+ Kxf7
35. Kh2 Rxb2 36. Kh3 Rc2 37. Re3 Kf6 38. Kxh4 Rxg2 39. e5+ Kf5 40. Kh3 Ra2 41. Rf3+
Kxe5 42. Re3+ Kd5 43. Rd3+ Kc4 44. Rd7 Kxc3 45. Rxc7+ Kb4 46. Rc6 Ra3+ 47. Kg4 Rxa4
48. Rxb6+  0-1

[Event "British Chess Championships 2023: First Blitz Open"]
[Site "The Venue, De Montfort University, 20 Western Boulevard, Leicester, LE2 7BU"]
[Date "2023.07.20"]
[Round "2"]
[Board "8"]
[White "Dhemrait, Jagdeep"]
[Black "Hankey, Chris P"]
[Result "1-0"]
[WhiteElo "1718"]
[BlackElo "1680"]
[PlyCount "0"]
[EventDate "2023.07.20"]
[EventRounds "9"]
[EventCountry "ENG"]

1. e4 c5 2. Nc3 d6 3. f4 g6 4. Nf3 Bg7 5. Bb5+ Bd7 6. Bxd7+ Nxd7 7. O-O Ngf6 8. d3
O-O 9. Qe1 a6 10. a4 Qb6 11. Qh4 c4+ 12. Kh1 h5 13. f5 Ng4 14. h3 Bf6 15. Qe1 Nh6
16. Bxh6 Rfe8 17. Rb1 e6 18. g4 exf5 19. gxf5 Ne5 20. Nd5 Qd8 21. Nxe5 Bxe5 22. fxg6
fxg6 23. Qf2 Qd7 24. Nf6+ Bxf6 25. Qg2 Be5 26. Qxg6+ Kh8 27. Qxh5 Re7 28. Rg1 Rh7
29. Rbf1 Bd4 30. Rg3 Qe6 31. Rg6 Qe7 32. Qf5 Bg7 33. Bxg7+  1-0

[Event "British Chess Championships 2023: First Blitz Open"]
[Site "The Venue, De Montfort University, 20 Western Boulevard, Leicester, LE2 7BU"]
[Date "2023.07.20"]
[Round "2"]
[Board "9"]
[White "Bartram, William"]
[Black "Stubbs, Oliver"]
[Result "0-1"]
[WhiteElo "1932"]
[BlackElo "2050"]
[PlyCount "0"]
[EventDate "2023.07.20"]
[EventRounds "9"]
[EventCountry "ENG"]

1. e4 e6 2. d4 d5 3. Nc3 Nf6 4. Bg5 dxe4 5. Nxe4 Be7 6. Bxf6 gxf6 7. Nf3 f5 8. Nc3
a6 9. Qd2 b5 10. Be2 Bb7 11. O-O Qd6 12. Ne5 Nd7 13. Bf3 Bxf3 14. Nxf3 O-O-O 15.
a4 b4 16. Ne2 Rhg8 17. c3 Rg4 18. cxb4 Qxb4 19. Qxb4 Bxb4 20. h3 Rgg8 21. Rac1 Nb6
22. Ne5 Rd5 23. Nxf7 Nxa4 24. b3 Nb6 25. Ne5 Kb7 26. Nc6 Ba3 27. Rc2 Rd6 28. Na5+
Kc8 29. Rd1 e5 30. Nc4 Nxc4 31. Rxc4 exd4 32. Rdxd4 Rgd8 33. Rxd6 Rxd6 34. Rh4 Rd1+
35. Kh2 Bd6+ 36. g3 Rd2 37. Nf4 Rxf2+ 38. Ng2 Rf3 39. Rxh7 Bxg3+ 40. Kg1 Rxb3 41.
Kf1  0-1

[Event "British Chess Championships 2023: First Blitz Open"]
[Site "The Venue, De Montfort University, 20 Western Boulevard, Leicester, LE2 7BU"]
[Date "2023.07.20"]
[Round "2"]
[Board "10"]
[White "Goss, Alex"]
[Black "Broughton, Daniel"]
[Result "0-1"]
[WhiteElo "1801"]
[BlackElo "1972"]
[PlyCount "0"]
[EventDate "2023.07.20"]
[EventRounds "9"]
[EventCountry "ENG"]

1. e4 e6 2. d4 d5 3. Nd2 dxe4 4. Nxe4 Bd7 5. Nf3 Bc6 6. Bd3 Nd7 7. O-O Ngf6 8. Nxf6+
Qxf6 9. Bg5 Bxf3 10. Bxf6 Bxd1 11. Bxg7 Bxg7 12. Raxd1 O-O-O 13. c3 h5 14. a4 Nf6
15. a5 h4 16. h3 Nd5 17. a6 b6 18. Bb5 Rd6 19. Rfe1 c6 20. Bd3 Nf4 21. Be4 Kc7 22.
Bf3 Rg8 23. Re4 Bh6 24. Kh1 f5 25. Ree1 Rg7 26. b4 b5 27. Re5 Nd5 28. Rde1 Kd7 29.
Bxd5 cxd5 30. R5e2 Rc6 31. Rc2 Kd6 32. Ra1 Rgc7 33. Ra5 Rb6 34. Kg1 Kc6 35. Kf1 Re7
36. Ke2 e5 37. Kd3 e4+ 38. Ke2 f4 39. Ra1 Rb8 40. Rg1 Rg8 41. Kf1 e3 42. f3 Kb6 43.
Ke2 Kxa6 44. Ra2+ Kb6 45. Ra5 Reg7 46. Kf1 a6  0-1